00226nam a2200073Ia 4500008004100000082000800041100002500049245007800074240331s9999 xx 000 0 und d bVAR aThiruchandran, S. ed 0aVarkkam, sathi, pennilai anpadu periyarin sinthanaikal pattiya oru noakku